[Event "Budapest Aranytiz IM"]
[Site "Budapest"]
[Date "2021.07.23"]
[Round "4"]
[White "Polyik, Peter"]
[Black "Ajay, Karthikeyan"]
[Result "0-1"]
[WhiteElo "2330"]
[BlackElo "2356"]
[PlyCount "162"]
[EventDate "2021.07.20"]
[EventType "tourn"]
[EventRounds "9"]
[EventCountry "HUN"]
[EventCategory "3"]
[SourceTitle "CBM 203 Extra"]
[Source "ChessBase"]
[SourceDate "2021.09.30"]
[SourceVersion "1"]
[SourceVersionDate "2021.09.30"]
[SourceQuality "1"]

1. d4 Nf6 2. c4 g6 3. Nc3 Bg7 4. e4 d6 5. Be2 0-0 6. Be3 e5 7. d5 Na6 8. g4 Nc5 9. f3 h5 10. g5 Nh7 11. h4 a5 12. Qd2 f6 13. gxf6 Bxf6 14. 0-0-0 a4 15. Nh3 Bxh3 16. Rxh3 Rf7 17. Rg1 Nf8 18. Bh6 Kh7 19. Rhg3 Bg7 20. Bg5 Qe8 21. Bd1 Rf4 22. Ne2 Rf7 23. Kb1 b5 24. cxb5 Qxb5 25. Nc3 Qa5 26. Be3 a3 27. b3 Bf6 28. Rh3 Nfd7 29. Qc2 Rg7 30. Bc1 Rb8 31. Ne2 Qa6 32. Qd2 Qd3+ 33. Qxd3 Nxd3 34. Bxa3 Nb6 35. Bc2 Nf4 36. Nxf4 exf4 37. Bb2 Bxb2 38. Kxb2 Nc4+ 39. Kb1 Ne5 40. Bd1 Rb4 41. Rh2 Rd4 42. Be2 Rd2 43. Rhg2 Kh6 44. a4 Rg8 45. Kc1 Ra2 46. Kb1 Rd2 47. Rd1 Rxd1+ 48. Bxd1 g5 49. hxg5+ Rxg5 50. Rh2 Rg8 51. Kb2 Rb8 52. Kc3 Kg5 53. b4 h4 54. a5 Rh8 55. Rh3 Kf6 56. b5 Nf7 57. a6 Ne5 58. Be2 Nd7 59. Kd4 Nb6 60. Bf1 Nd7 61. Kd3 Kg5 62. Ke2 Kf6 63. Rh1 Nc5 64. Kf2 Ke5 65. Rg1 Kd4 66. Rg7 h3 67. Rxc7 h2 68. Bg2 Nd3+ 69. Ke2 Rg8 70. Bh1 Rg1 71. a7 Rxh1 72. a8Q Re1+ 73. Kd2 Rd1+ 74. Ke2 Re1+ 75. Kd2 h1Q 76. Qa4+ Ke5 77. Re7+ Kf6 78. Re6+ Kg5 79. Kxd3 Qxf3+ 80. Kc4 Rc1+ 81. Kb4 Qc3# 0-1

[Event "Budapest Aranytiz IM"]
[Site "Budapest"]
[Date "2021.07.22"]
[Round "3"]
[White "Cu Hor, Winston Darwin"]
[Black "Polyik, Peter"]
[Result "1-0"]
[WhiteElo "2333"]
[BlackElo "2330"]
[PlyCount "79"]
[EventDate "2021.07.20"]
[EventType "tourn"]
[EventRounds "9"]
[EventCountry "HUN"]
[EventCategory "3"]
[SourceTitle "CBM 203 Extra"]
[Source "ChessBase"]
[SourceDate "2021.09.30"]
[SourceVersion "1"]
[SourceVersionDate "2021.09.30"]
[SourceQuality "1"]

1. Nf3 d5 2. c4 d4 3. g3 Nc6 4. Bg2 e5 5. d3 Bb4+ 6. Bd2 a5 7. 0-0 Nf6 8. Na3 0-0 9. Nc2 Bc5 10. a3 a4 11. Nb4 Qd6 12. Nxc6 bxc6 13. Bg5 Bg4 14. Nd2 Nd7 15. Ne4 Qe6 16. Bd2 Be7 17. Bb4 Rfb8 18. f4 Bxb4 19. axb4 Rxb4 20. Ng5 Qh6 21. h3 Bf5 22. g4 exf4 23. Qd2 Rab8 24. Qxf4 Bg6 25. Bxc6 Nf6 26. Rxa4 Rxb2 27. Rf2 Qh4 28. Kg2 Bxd3 29. Nf3 Nh5 30. Qxf7+ Kxf7 31. Nxh4+ Ke6 32. Bd5+ Kd7 33. gxh5 Bxe2 34. c5 d3 35. Rd4 R8b4 36. Rxb4 Rxb4 37. Nf3 c6 38. Ne5+ Ke8 39. Bxc6+ Ke7 40. Bf3 1-0

[Event "Budapest Aranytiz GM"]
[Site "Budapest"]
[Date "2019.08.23"]
[Round "7"]
[White "Polyik, Peter"]
[Black "Farago, Ivan"]
[Result "1/2-1/2"]
[WhiteElo "2328"]
[BlackElo "2350"]
[PlyCount "35"]
[EventDate "2019.08.16"]
[EventType "tourn"]
[EventRounds "9"]
[EventCountry "HUN"]
[EventCategory "8"]
[SourceTitle "EXT 2020"]
[Source "ChessBase"]
[SourceDate "2019.10.17"]
[SourceVersion "1"]
[SourceVersionDate "2019.10.17"]
[SourceQuality "1"]

1. d4 e6 2. c4 Nf6 3. Nc3 Bb4 4. g3 0-0 5. Bg2 d5 6. Nf3 c5 7. cxd5 Nxd5 8. Bd2 cxd4 9. Nxd4 Nxc3 10. Bxc3 Bxc3+ 11. bxc3 e5 12. Nb3 Qc7 13. 0-0 Be6 14. Qc1 Nd7 15. Qa3 a5 16. Rab1 Qxc3 17. Bxb7 Ra7 18. Bf3 1/2-1/2

[Event "Budapest Aranytiz GM"]
[Site "Budapest"]
[Date "2019.08.21"]
[Round "5"]
[White "Secheres, Adrian Simion"]
[Black "Polyik, Peter"]
[Result "1-0"]
[WhiteElo "2394"]
[BlackElo "2328"]
[PlyCount "89"]
[EventDate "2019.08.16"]
[EventType "tourn"]
[EventRounds "9"]
[EventCountry "HUN"]
[EventCategory "8"]
[SourceTitle "EXT 2020"]
[Source "ChessBase"]
[SourceDate "2019.10.17"]
[SourceVersion "1"]
[SourceVersionDate "2019.10.17"]
[SourceQuality "1"]

1. e4 c5 2. Nf3 e6 3. d4 cxd4 4. Nxd4 Nc6 5. Nc3 Qc7 6. Qd3 Nf6 7. Ndb5 Qb8 8. Qg3 d6 9. Be3 a6 10. Nd4 Bd7 11. Be2 b5 12. a3 h5 13. f3 Be7 14. Nxc6 Bxc6 15. 0-0 Qb7 16. Rfd1 h4 17. Qf2 Rc8 18. Qf1 Qb8 19. Bd4 Bd8 20. Bd3 Bc7 21. Re1 e5 22. Be3 Bb6 23. Bxb6 Qxb6+ 24. Qf2 Qxf2+ 25. Kxf2 Ke7 26. b4 Bb7 27. Nd1 Nh5 28. Ne3 Nf4 29. Bf1 g6 30. a4 Rb8 31. axb5 axb5 32. Ra7 Kf6 33. Rd1 Rhd8 34. Ra5 Bc6 35. Ra6 Rbc8 36. Rb6 Ne6 37. Ra1 Be8 38. Raa6 Nd4 39. Bd3 Ke6 40. Ra3 Rc6 41. Rb7 Rcc8 42. c3 Nc6 43. Bxb5 Ra8 44. Rxa8 Rxa8 45. Nd5 1-0

[Event "Budapest Spring op"]
[Site "Budapest"]
[Date "2019.04.13"]
[Round "5"]
[White "Polyik, Peter"]
[Black "Nguyen, Van Thanh"]
[Result "1/2-1/2"]
[WhiteElo "2303"]
[BlackElo "2391"]
[PlyCount "29"]
[EventDate "2019.04.09"]
[EventType "swiss"]
[EventRounds "9"]
[EventCountry "HUN"]
[SourceTitle "CBM 190 Extra"]
[Source "ChessBase"]
[SourceDate "2019.07.15"]
[SourceVersion "1"]
[SourceVersionDate "2019.07.15"]
[SourceQuality "1"]

1. Nf3 Nf6 2. e3 d5 3. c4 c6 4. Nc3 g6 5. d4 Bg7 6. Be2 0-0 7. 0-0 Be6 8. b3 h6 9. Bb2 Nbd7 10. Rc1 Rc8 11. cxd5 cxd5 12. Ne5 Ne4 13. Nxe4 dxe4 14. Rxc8 Qxc8 15. Nxd7 1/2-1/2

[Event "Budapest Spring op"]
[Site "Budapest"]
[Date "2019.04.12"]
[Round "4"]
[White "Torma, Robert"]
[Black "Polyik, Peter"]
[Result "0-1"]
[WhiteElo "2463"]
[BlackElo "2303"]
[PlyCount "141"]
[EventDate "2019.04.09"]
[EventType "swiss"]
[EventRounds "9"]
[EventCountry "HUN"]
[SourceTitle "CBM 190 Extra"]
[Source "ChessBase"]
[SourceDate "2019.07.15"]
[SourceVersion "1"]
[SourceVersionDate "2019.07.15"]
[SourceQuality "1"]

1. e4 c5 2. Nf3 e6 3. g3 d5 4. exd5 exd5 5. d4 Nc6 6. Bg2 Bg4 7. 0-0 cxd4 8. Nbd2 Be7 9. h3 Bh5 10. Nb3 Bxf3 11. Qxf3 Nf6 12. Bg5 0-0 13. Rad1 Rc8 14. Rfe1 h6 15. Bxf6 Bxf6 16. Qxd5 Qxd5 17. Bxd5 Nb4 18. Be4 Nxc2 19. Re2 Nb4 20. a3 Nc6 21. Nc5 Ne5 22. Nxb7 Rc7 23. Na5 Rb8 24. f4 Ng6 25. b4 Rc3 26. Rd3 Rbc8 27. Red2 Re8 28. Bf5 Re3 29. Rxe3 dxe3 30. Rc2 Rxa3 31. Nc6 h5 32. h4 Nf8 33. Kg2 g6 34. Be4 Ne6 35. Bf3 Kg7 36. Be2 Nc7 37. b5 Nd5 38. Bc4 e2 39. Rxe2 Ne3+ 40. Rxe3 Rxe3 41. Nxa7 Rc3 42. Be2 Ra3 43. Nc6 Bc3 44. Kf2 Ra1 45. Ne5 Bxe5 46. fxe5 Ra3 47. Bc4 Rc3 48. Bd5 Rd3 49. Bc4 Rd4 50. Be2 Re4 51. Bd3 Rxe5 52. b6 Re6 53. b7 Rb6 54. Be4 Kf6 55. Bd5 Rb4 56. Kf3 Ke7 57. Ke3 f6 58. Kf2 Kd6 59. Be4 f5 60. Bf3 Ke5 61. Bc6 f4 62. Kg2 Rb2+ 63. Kh3 Rb3 64. Kh2 fxg3+ 65. Kh3 Kf4 66. Bd5 Rb2 67. Bg2 Rb6 68. Bc6 g2 69. Kxg2 Kg4 70. Be4 Kxh4 71. Bd5 0-1

[Event "Budapest Spring op"]
[Site "Budapest"]
[Date "2019.04.09"]
[Round "1"]
[White "Polyik, Peter"]
[Black "Ter Sahakyan, Samvel"]
[Result "1-0"]
[WhiteElo "2303"]
[BlackElo "2601"]
[PlyCount "103"]
[EventDate "2019.04.09"]
[EventType "swiss"]
[EventRounds "9"]
[EventCountry "HUN"]
[SourceTitle "CBM 190 Extra"]
[Source "ChessBase"]
[SourceDate "2019.07.15"]
[SourceVersion "1"]
[SourceVersionDate "2019.07.15"]
[SourceQuality "1"]

1. d4 f5 2. g3 Nf6 3. Bg2 e6 4. Nf3 d5 5. 0-0 Bd6 6. c4 c6 7. Nc3 0-0 8. Qc2 Ne4 9. Rb1 a5 10. a3 Nd7 11. b4 axb4 12. axb4 Ndf6 13. c5 Nxc3 14. Qxc3 Ne4 15. Qc2 Bc7 16. Bf4 Bxf4 17. gxf4 Bd7 18. Ne5 Be8 19. e3 Nf6 20. Ra1 Ng4 21. Nf3 Nf6 22. Ne5 Nd7 23. Rxa8 Qxa8 24. Nxd7 Bxd7 25. Kh1 Qd8 26. Rg1 Qh4 27. Qa2 Be8 28. Bf3 h6 29. Rg3 Qe7 30. Be2 Kh7 31. b5 cxb5 32. Qa5 e5 33. fxe5 f4 34. exf4 Rxf4 35. Qd2 Qh4 36. Bd3+ Kg8 37. Qe3 Rxd4 38. Rf3 Ra4 39. e6 d4 40. Qe5 Qg4 41. Rg3 Qd1+ 42. Kg2 g5 43. Rxg5+ hxg5 44. Qxg5+ Kf8 45. e7+ Kf7 46. Bg6+ Ke6 47. Qf5+ Kxe7 48. Qe5+ Kf8 49. Qh8+ Ke7 50. Qxe8+ Kf6 51. Qf7+ Kg5 52. f4+ 1-0